000 00845nam a2200205 a 4500
001 3316
003 CO-ViMGA
008 141112s2004 ck r 000 u spa d
040 _aCO-ViMGA
_bspa
_cCO-ViMGA
082 0 4 _a634.773 I577c
100 1 _aInstituto Colombiano Agropecuario - ICA
245 1 0 _aEl cultivo del plátano en el trópico /
_cBelalcazar Carvajal Sylvio L
260 _aCali :
_bICA,
_c1976
300 _a376 p : il
490 _aManual de asistencia tecnica, 50
505 _aAspectos agroeconómicos La planta y el fruto Ecofisiología del cultivo Establecimiento del cultivo Manejo de plantaciones Control de enfermedades Manejo integrado de plagas Control de nematodos Cosecha y mercadeo Estructura de costos y rentabilidad
650 1 4 _aPLATANO - CULTIVO
650 1 4 _aPLATANO - ENFERMEDADES
_952899
942 _2ddc
_cBK
999 _c15366
_d15366